El billete mexicano (Record no. 8680)

MARC details
000 -CABECERA
campo de control de longitud fija 00890nam a2200241 a 4500
001 - NÚMERO DE CONTROL
campo de control BRCA_9029
005 - FECHA Y HORA DE LA ÚLTIMA TRANSACCIÓN
campo de control 20190320210511.0
008 - DATOS DE LONGITUD FIJA--INFORMACIÓN GENERAL
campo de control de longitud fija 280717s1999----mx-a######---#000-0#spa-#
020 ## - NÚMERO INTERNACIONAL ESTÁNDAR DEL LIBRO
Número Internacional Estándar del Libro 968505908X
041 ## - CÓDIGO DE LENGUA
Código de lengua del texto/banda sonora o título independiente spa
044 ## - CÓDIGO DEL PAÍS DE LA ENTIDAD EDITORA/PRODUCTORA
Código MARC del país mx
050 #4 - SIGNATURA TOPOGRÁFICA DE LA BIBLIOTECA DEL CONGRESO
Número de clasificación HG667
Número de documento/Ítem .B55 1999
245 10 - MENCIÓN DE TÍTULO
Título El billete mexicano
Mención de responsabilidad, etc. Eduardo Turrent y Díaz, prólogo ; Francisco Borja Martínez, introducción ; Elsa Lizalde Chávez ... [et al.], textos; Michel Zabé, Arturo Chapa, fotografía.
260 ## - PUBLICACIÓN, DISTRIBUCIÓN, ETC.
Lugar de publicación, distribución, etc. Ciudad de México
Nombre del editor, distribuidor, etc. Banco de México
Fecha de publicación, distribución, etc. 1999
300 ## - DESCRIPCIÓN FÍSICA
Extensión 218 p.
Otras características físicas il. (algunas a color)
Dimensiones 33 cm.
504 ## - NOTA DE BIBLIOGRAFÍA, ETC.
Nota de bibliografía, etc. Bibliografía : p. 215-218
650 14 - PUNTO DE ACCESO ADICIONAL DE MATERIA--TÉRMINO DE MATERIA
Término de materia o nombre geográfico como elemento de entrada Papel moneda
Subdivisión general Historia
Subdivisión geográfica México
9 (RLIN) 22385
650 14 - PUNTO DE ACCESO ADICIONAL DE MATERIA--TÉRMINO DE MATERIA
Término de materia o nombre geográfico como elemento de entrada Papel moneda
Subdivisión de forma Trabajos Ilustrados
Subdivisión general Historia
Subdivisión geográfica México
9 (RLIN) 22386
700 1# - PUNTO DE ACCESO ADICIONAL--NOMBRE DE PERSONA
Nombre de persona Lizalde Chávez, Elsa
9 (RLIN) 22387
700 1# - PUNTO DE ACCESO ADICIONAL--NOMBRE DE PERSONA
Nombre de persona Zabé, Michel
Término indicativo de función/relación il.
9 (RLIN) 38
700 1# - PUNTO DE ACCESO ADICIONAL--NOMBRE DE PERSONA
Nombre de persona Chapa, Arturo
Término indicativo de función/relación il.
9 (RLIN) 9091
942 ## - ELEMENTOS DE PUNTO DE ACCESO ADICIONAL (KOHA)
Fuente del sistema de clasificación o colocación Library of Congress Classification
Tipo de ítem Koha Libros
Holdings
Estado de retiro Estado de pérdida Estado dañado No para préstamo Localización permanente Ubicación/localización actual Fecha de adquisición Total de préstamos Signatura topográfica completa Código de barras Fecha visto por última vez Precio válido a partir de Tipo de ítem Koha
El ejemplar forma parte de la colección y puede ser consultado según las políticas vigentes.       Biblioteca del Museo Franz Mayer (Rogerio Casas-Alatriste) Biblioteca del Museo Franz Mayer (Rogerio Casas-Alatriste) 27/07/2017   HG667 .B55 1999 02955 22/03/2019 22/03/2019 Libros